Stati del Consiglio nordico - Statistics

Statistiche generali
  • Questo quiz è stato fatto 11 volte
  • Il punteggio medio è 6 su 8
Statistiche sulle risposte
Nazione % Corretto
Danimarca
100%
Finlandia
100%
Islanda
100%
Norvegia
100%
Svezia
100%
Groenlandia
57%
Isole Åland
29%
Fær Øer
14%
Nessun quiz corrispondente trovato
Distribuzione punteggi
Percentuale di utenti per punteggio
Percentile per numero di risposta
I tuoi punteggi nel tempo
Non hai fatto questo quiz